<?xml version="1.0" encoding="UTF-8"?>
<record
    xmlns:xsi="http://www.w3.org/2001/XMLSchema-instance"
    xsi:schemaLocation="http://www.loc.gov/MARC21/slim http://www.loc.gov/standards/marcxml/schema/MARC21slim.xsd"
    xmlns="http://www.loc.gov/MARC21/slim">

  <leader>00482nam a22001217a 4500</leader>
  <datafield tag="999" ind1=" " ind2=" ">
    <subfield code="c">18695</subfield>
    <subfield code="d">18695</subfield>
  </datafield>
  <controlfield tag="008">210115b        xxu||||| |||| 00| 0 eng d</controlfield>
  <datafield tag="050" ind1=" " ind2=" ">
    <subfield code="a">GME0236</subfield>
    <subfield code="b">.K56 2018 c.1</subfield>
  </datafield>
  <datafield tag="100" ind1=" " ind2=" ">
    <subfield code="a">Kimame, Leslie Simatwa</subfield>
  </datafield>
  <datafield tag="245" ind1=" " ind2=" ">
    <subfield code="a">Influence of Student councils in Curbing Frequency of Student Unrests in Public Boys Boarding Secondary Schools in Elgon Sub-county, Kenya </subfield>
    <subfield code="c">Leslie S. Kimame</subfield>
  </datafield>
  <datafield tag="260" ind1=" " ind2=" ">
    <subfield code="a">Kabarak, Nakuru, Kenya</subfield>
    <subfield code="b">Kabarak University </subfield>
    <subfield code="c">2018</subfield>
  </datafield>
  <datafield tag="300" ind1=" " ind2=" ">
    <subfield code="a">xiv,107leaves </subfield>
  </datafield>
  <datafield tag="942" ind1=" " ind2=" ">
    <subfield code="2">lcc</subfield>
    <subfield code="c">THE</subfield>
  </datafield>
  <datafield tag="952" ind1=" " ind2=" ">
    <subfield code="0">0</subfield>
    <subfield code="1">0</subfield>
    <subfield code="2">lcc</subfield>
    <subfield code="7">0</subfield>
    <subfield code="a">KABU</subfield>
    <subfield code="b">KABU</subfield>
    <subfield code="d">2021-01-15</subfield>
    <subfield code="l">0</subfield>
    <subfield code="o">GME0236 .K56 2018 c.1</subfield>
    <subfield code="p">029545</subfield>
    <subfield code="r">2022-09-15 00:00:00</subfield>
    <subfield code="w">2021-01-15</subfield>
    <subfield code="y">THE</subfield>
  </datafield>
  <datafield tag="952" ind1=" " ind2=" ">
    <subfield code="0">0</subfield>
    <subfield code="1">0</subfield>
    <subfield code="2">lcc</subfield>
    <subfield code="7">0</subfield>
    <subfield code="a">KABU</subfield>
    <subfield code="b">KABU</subfield>
    <subfield code="d">2021-01-15</subfield>
    <subfield code="l">0</subfield>
    <subfield code="o">GME0236 .K56 2018 c.2</subfield>
    <subfield code="p">029546</subfield>
    <subfield code="r">2021-01-18 00:00:00</subfield>
    <subfield code="w">2021-01-15</subfield>
    <subfield code="y">THE</subfield>
  </datafield>
</record>
